书目信息 |
| 题名: |
一本书读懂大秦史
|
|
| 作者: | 吴学刚 编著 | |
| 分册: | ||
| 出版信息: | 北京 中国长安出版社 2010 |
|
| 页数: | 307页 | |
| 开本: | 24cm | |
| 丛书名: | ||
| 单 册: | ||
| 中图分类: | K233.09 | |
| 科图分类: | ||
| 主题词: | 秦代--古代史--通俗读物 , 秦代 , 古代史 | |
| 电子资源: | ||
| ISBN: | 978-7-5107-0223-5 | |
| 000 | 00783nam0 2200253 45 | |
| 001 | 1237616778 | |
| 005 | 20120619095505.12 | |
| 010 | @a978-7-5107-0223-5@dCNY39.80 | |
| 100 | @a20100817d2010 em y0chiy0110 ea | |
| 101 | 0 | @achi |
| 102 | @aCN@b110000 | |
| 105 | @aa z 000yy | |
| 106 | @ar | |
| 200 | 1 | @a一本书读懂大秦史@AYi Ben Shu Dou Dong Da Qin Shi@f吴学刚编著@FWu Xue Gang Bian Zhu |
| 210 | @a北京@c中国长安出版社@d2010 | |
| 215 | @a307页@c图@d24cm | |
| 330 | @a本书主要内容包括:帝国旭日、秦王初政、能臣悍将、天下归秦、一统中华、开疆辟地、酷法治民等。 | |
| 606 | 0 | @a秦代@x古代史@j通俗读物 |
| 606 | 0 | @a秦代 |
| 606 | 0 | @a古代史 |
| 690 | @aK233.09@v4 | |
| 701 | 0 | @a吴学刚@AWu Xue Gang@4编著 |
| 801 | 0 | @aCN@bTSTCL@c20120604 |
| 905 | @b0817375-78@dK233.09@e39@f4 | |
| 一本书读懂大秦史/吴学刚编著.-北京:中国长安出版社,2010 |
| 307页:图;24cm |
| ISBN 978-7-5107-0223-5:CNY39.80 |
| 本书主要内容包括:帝国旭日、秦王初政、能臣悍将、天下归秦、一统中华、开疆辟地、酷法治民等。 |
| ● |
| 相关链接 |
|
|
|
|
正题名:一本书读懂大秦史
索取号:K233.09/39
 
预约/预借
| 序号 | 登录号 | 条形码 | 馆藏地/架位号 | 状态 | 备注 |
| 1 | 0817375 | 208173750 | 第二样本阅览室/ [索取号:K233.09/39] | 在馆 | |
| 2 | 0817376 | 208173769 | 第二借阅区/ [索取号:K233.09/39] | 在馆 | |
| 3 | 0817377 | 208173778 | 第二借阅区/ [索取号:K233.09/39] | 在馆 | |
| 4 | 0817378 | 208173787 | 第二借阅区/ [索取号:K233.09/39] | 在馆 |